书目信息 |
| 题名: |
机械设计手册
|
|
| 作者: | 闻邦椿 主编 | |
| 分册: | 轴 弹簧 | |
| 出版信息: | 北京 机械工业出版社 2020.04 |
|
| 页数: | XIV, 59, 146页 | |
| 开本: | 24cm | |
| 丛书名: | ||
| 单 册: | ||
| 中图分类: | TH122-62 , TH133.2-62 | |
| 科图分类: | ||
| 主题词: | 机械设计--ji xie she ji--技术手册 , 连接轴--lian jie zhou--技术手册 , 弹簧--tan huang--技术手册 | |
| 电子资源: | ||
| ISBN: | 978-7-111-64746-1 | |
| 000 | 01170nam 2200301 450 | |
| 001 | 2072111595 | |
| 005 | 20201105200203.94 | |
| 010 | @a978-7-111-64746-1@dCNY48.00 | |
| 100 | @a20200516d2020 em y0chiy50 ea | |
| 101 | 0 | @achi |
| 102 | @aCN@b110000 | |
| 105 | @aa a 000yy | |
| 200 | 1 | @a机械设计手册@Aji xie she ji shou ce@i轴 弹簧@f主编闻邦椿 |
| 205 | @a第6版 | |
| 210 | @a北京@c机械工业出版社@d2020.04 | |
| 215 | @aXIV, 59, 146页@c图@d24cm | |
| 300 | @a单行本 | |
| 320 | @a有书目 | |
| 330 | @a本书全面系统地介绍了机构的弹簧的基本特性、类型及应用、圆柱螺旋弹簧、多股螺旋弹簧、非线性特性螺旋弹簧、碟形弹簧、开槽碟形弹簧、环形弹簧、板弹簧、片弹簧和线弹簧、平面涡卷弹簧、扭杆弹簧、橡胶弹簧、空气弹簧、弹簧的热处理和强化处理等内容, 具有体系新颖、内容现代、凸显创新、系统全面、信息量大、实用可靠、简明便查等特点。 | |
| 517 | 1 | @a轴 弹簧@Azhou tan huang |
| 606 | 0 | @a机械设计@Aji xie she ji@j技术手册 |
| 606 | 0 | @a连接轴@Alian jie zhou@j技术手册 |
| 606 | 0 | @a弹簧@Atan huang@j技术手册 |
| 690 | @aTH122-62@v5 | |
| 690 | @aTH133.2-62@v5 | |
| 701 | 0 | @a闻邦椿@Awen bang chun@4主编 |
| 801 | 0 | @aCN@b人天书店@c20201002 |
| 905 | @aZUCC@dTH122-62@eW678 | |
| 机械设计手册.轴 弹簧/主编闻邦椿.-第6版.-北京:机械工业出版社,2020.04 |
| XIV, 59, 146页:图;24cm |
| 单行本 |
| ISBN 978-7-111-64746-1:CNY48.00 |
| 本书全面系统地介绍了机构的弹簧的基本特性、类型及应用、圆柱螺旋弹簧、多股螺旋弹簧、非线性特性螺旋弹簧、碟形弹簧、开槽碟形弹簧、环形弹簧、板弹簧、片弹簧和线弹簧、平面涡卷弹簧、扭杆弹簧、橡胶弹簧、空气弹簧、弹簧的热处理和强化处理等内容, 具有体系新颖、内容现代、凸显创新、系统全面、信息量大、实用可靠、简明便查等特点。 |
| ● |
| 相关链接 |
|
|
|
正题名:机械设计手册
索取号:TH122-62/W678
 
预约/预借
| 序号 | 登录号 | 条形码 | 馆藏地/架位号 | 状态 | 备注 |
| 1 | 1480690 | 214806904 | 自科二线404/404自科库 6排4列2层/ [索取号:TH122-62/W678] | 在馆 |